000
00216 a2200097 4500
001
43900
100
_a
Naqvi
245
_a
Imam Ahmad Bin Hambal
260
_a
Lahore
_b
Sh. Ghulam Ali & Sons
_c
090
_c
27642
_d
27642
942
_a
NUST-CAE
_c
M
_c
19605
999
_c
278973
_d
278973